| 000 | 00668cam a2200241K 4500 | ||
|---|---|---|---|
| 001 | 48128 | ||
| 005 | 20230410132613.0 | ||
| 008 | 880901s1963 nyu 000 1 eng d | ||
| 035 | _a(OCoLC)ocm18436902 | ||
| 040 |
_aMLY _cMLY _dOCLCQ |
||
| 035 | _a(OCoLC)18436902 | ||
| 049 | _aGRAL | ||
| 050 | 1 | 4 |
_aPR 6005 _bC754l 1963 |
| 082 | 0 | 0 | _a823/.912 |
| 100 | 1 |
_aConrad, Joseph, _d1857-1924. |
|
| 245 | 1 | 0 |
_aLord Jim / _cJoseph Conrad; introduction by Quentin Anderson. |
| 260 |
_aNew York : _bWashington Square Press _c1963. |
||
| 300 | _a315 p. | ||
| 650 | 0 |
_aMerchant marine _xOfficers _vFiction. |
|
| 942 |
_2lcc _cbk |
||
| 994 |
_aC0 _bDRFGD |
||
| 946 | _acsexposito | ||
| 999 |
_c84477 _d84477 |
||